The life and letters of Edward A. Freeman, (Record no. 187151)

000 -LEADER
fixed length control field 00833 a2200205 4500
003 - CONTROL NUMBER IDENTIFIER
control field Nust
005 - DATE AND TIME OF LATEST TRANSACTION
control field 20170207153457.0
010 ## - LIBRARY OF CONGRESS CONTROL NUMBER
LC control number 04017196
040 ## - CATALOGING SOURCE
Transcribing agency Nust
082 ## - DEWEY DECIMAL CLASSIFICATION NUMBER
Classification number 920
100 ## - MAIN ENTRY--PERSONAL NAME
Personal name Stephens, William Richard Wood,
245 ## - TITLE STATEMENT
Title The life and letters of Edward A. Freeman,
Remainder of title D.C.L., LL. D.
Statement of responsibility, etc. W.R.W. Stephens
260 ## - PUBLICATION, DISTRIBUTION, ETC.
Place of publication, distribution, etc. London, New York
Name of publisher, distributor, etc. Macmillan and Co
Date of publication, distribution, etc. 1895
300 ## - PHYSICAL DESCRIPTION
Extent x, 435 p
Other physical details 3 port. (incl. fronts.) 3 facsim
Dimensions 21 cm
440 ## - SERIES STATEMENT/ADDED ENTRY--TITLE
Volume/sequential designation Vol -1
505 ## - FORMATTED CONTENTS NOTE
Formatted contents note Childhood And School Life (Page-1), Life At Oxford (Page-43), Freeman’s Home At Oaklands (Page-101), Settles At Lanrumney Hall (Page-175), Settlement At Somerleaze (Page-247), Unsuccessful Attempt To Get Into Parliament (Page-348).
538 ## - SYSTEM DETAILS NOTE
System details note Almirah No.60 Shelf No.4
600 ## - SUBJECT ADDED ENTRY--PERSONAL NAME
Personal name Stephens, William Richard Wood,
650 ## - SUBJECT ADDED ENTRY--TOPICAL TERM
Topical term or geographic name entry element Biography of Edward A. Freeman
942 ## - ADDED ENTRY ELEMENTS (KOHA)
Koha item type bound volumes
Holdings
Withdrawn status Lost status Source of classification or shelving scheme Damaged status Not for loan Collection code Permanent Location Current Location Date acquired Total Checkouts Full call number Barcode Date last seen Price effective from Koha item type
            Military College of Signals (MCS) Military College of Signals (MCS) 12/12/2016   920 STE MCS29238 12/08/2016 12/12/2016 Book
© 2023 Central Library, National University of Sciences and Technology. All Rights Reserved.